000 00279nam a2200121 a 4500
005 20141022142005.0
008 080922s19uu xx 00 eng d
050 _aVCD
_bE7 1987
245 _aEmpire on the sun.
650 _aVCD.
650 _aEmpire on the sun.
942 _cAVM
999 _c276443
_d276443